000 00684nam a2200241 a 4500
001 9318
003 BD-RjUL
005 20211208234745.0
008 140120s1961 nyua b 001 0 eng
020 _a047123463X :
035 _a(BD-RjUL)9363
040 _aCU
_cCU
_dCPaHP
_dNNC
_dBD-RjUL
_beng
041 _aeng
082 0 0 _a539
_bEIF 1961
_223
100 1 _aEisberg, Robert Martin
_928896
245 1 0 _aFundamentals of modern physics /
_cRobert Martin Eisberg
260 _aNew York :
_bWiley,
_c1961.
300 _axiii, 729 p. :
_bill. ;
_c24 cm.
504 _aIncludes bibliographies and index.
650 _aModern Physics
_9159266
942 _2ddc
_cBK
999 _c9318
_d9318